000 00838nmm a2200265 a 4500
001 ocm0001221675
003 TR-IsHL
005 20201028154753.0
008 131219s2012 tu tur
007 cr cn
020 _a9786055646714
035 _a1221675
_b(N$T)
050 0 4 _aPL248.G87
_bA75 2012
090 0 4 _aPL248.G87
_bA75 2012
100 1 _aGürsoy, Rıfat
245 1 0 _aAsi çocukların ayak izleri
_h[electronic resource] /
_cRıfat Gürsoy
260 _aİstanbul :
_bSiyah Beyaz Kitap,
_c2012
300 _a321 p.
650 4 _aDil ve Edebiyat
650 4 _aLanguage and Literature
650 0 _aTürk romanı
650 0 _aTurkish fiction
650 7 _aLITERARY COLLECTIONS / Middle Eastern
_2bisacsh
856 4 0 _uhttp://search.ebscohost.com/login.aspx?direct=true&scope=site&db=e011xww&AN=1221675
999 _c12747
_d12747